000 00938nam0a22002771 4500
001 rc\4014546
005 20130415130340.8
021 _aRU
_b[52-25656]
035 _a(NLR Aleph) 007947611
090 _a8318809
_c8318809
100 _a20130415d1952 |||y0rusy50 ca
101 1 _arus
_cfre
102 _aRU
105 _ay z |||a|
200 1 _aБессмертный
_e[Роман
_fПер. с фр. Э.Б. Шлосберг
_gВступ. статья К.С. Анисимовой, с. 3-18]
210 _aМосква
_aЛенинград
_cГослитиздат
_d1952
215 _a228 с.
_d20
300 _aПеред загл. авт.: Альфонс Додэ
700 1 _aДоде
_bА.
_f1840-1897
_gАльфонс
702 1 _aШлосберг
_bЭ. Б.
_4730
702 1 _aАнисимова
_bК. С.
_4080
801 0 _aRU
_bNLR
_gpsbo
801 1 _aRU
_bELAR
_2rusmarc
852 _aNLR
_jЛ60 Г-3/361
942 _cBOOK
980 _aNB